00792nam a2200217Ia 4500003000900000008004100009020001800050040001600068080002100084100002400105245014200129260004400271300001400315650004100329650003200370650001800402700002700420942000700447999001500454952010500469IN-BaIIA211028s9999 xx 000 0 eng d a0-292-70759-2 cIIA Library a520.17(091)bEVA aEvans, D. S.915495 0aBig and brightba history of the McDonald observatorycD. S. Evans and J. D. Mulholland  aAustinbUniversity of Texas Pressc1986 axii,186p. aAstronomy and astrophysics thesaurus aMcDonald observatory915496 aObservatories aMulholland, J D915497 cBK c9225d9225 00104070aBANbBANcGENd0000-00-00l0o520.17(091)/ EVAp10131r2021-11-05w0000-00-00yBK 21.71